| 000 | 00495nam a22001937a 4500 | ||
|---|---|---|---|
| 003 | NUST - PNEC | ||
| 005 | 20170116180811.0 | ||
| 008 | 150429b xxu||||| |||| 00| 0 eng d | ||
| 020 | _a- | ||
| 040 | _cLIBRARY | ||
| 082 | _a355.9549 SHA | ||
| 100 |
_93340 _aRiza, Shaukat |
||
| 245 |
_aThe pakistan army 1966-71 _cShaukat Riza |
||
| 250 | _a- | ||
| 260 |
_aLahore, Pakistan _bServices Book Club _cc1990. |
||
| 300 | _a240 p. : | ||
| 650 |
_93341 _aPakistan _xGeneral Book |
||
| 942 |
_2ddc _cBK |
||
| 999 |
_c63365 _d63365 |
||